Statistics for NFL - Active Career Sack Leaders

Click here to take the quiz!

General Stats

  • This quiz has been taken 20 times
  • The average score is 11 of 25

Answer Stats

RankSacksAnswer% Correct
5107.5J.J. Watt
100%
1273.0T.J. Watt
100%
6103.0Aaron Donald
90%
T2159.5Joey Bosa
80%
4108.0Chandler Jones
75%
T2456.5Chris Jones
75%
1123.5Von Miller
65%
1183.5Khalil Mack
60%
T1666.0Myles Garrett
60%
1961.0Fletcher Cox
55%
2112.5Cameron Jordan
50%
2358.5Matt Judon
45%
997.0Calais Campbell
40%
1371.0Cameron Heyward
40%
1862.0Brandon Graham
35%
7102.0Robert Quinn
35%
1566.5Danielle Hunter
30%
T2456.5Frank Clark
30%
3110.5Justin Houston
20%
T2159.5Gerald McCoy
10%
1092.5Jason Pierre-Paul
10%
8100.0Carlos Dunlap
5%
2060.5Yannick Ngakoue
5%
T1666.0Jerry Hughes
0%
1467.0Mario Addison
0%

Score Distribution

Percentile by Number Answered

Percent of People with Each Score

Your Score History

You have not taken this quiz